000 01046cam a2200313 a 4500
999 _c4037
_d4037
001 12086532
003 GZU
005 20210311105840.0
008 000405s1997 ke b 000 0 eng
010 _a 99502276
020 _z9966930000
035 _a(DLC) 99502276
040 _aDLC
_cDLC
_dDLC
042 _alcode
043 _afe-----
050 0 0 _aKQC516.A12
_bK37 1997
082 0 0 _a016.34667601/34
_221
100 1 _aKaruru, Njeri.
245 1 0 _aWomen & law in East Africa :
_ban annotated bibliography /
_cNjeri Karuru, Agatha Kabugu, editors.
246 3 _aWomen and law in East Africa
260 _a[Nairobi :
_bOracle Media Communications,
_c1997]
300 _aiii, 133 p. ;
_c21 cm.
500 _aCover title.
650 0 _aWomen
_xLegal status, laws, etc.
_zAfrica, East
_vBibliography..
700 1 _aKabugu, Agatha.
906 _a7
_bcbc
_corigode
_d2
_encip
_f19
_gy-gencatlg
942 _2lcc
_cBK
_h516
_iKAR
_kKQC
_m1997